Statistics for Hailee Steinfeld Charting Songs (Billboard Hot 100)

Click here to take the quiz!

General Stats

  • This quiz has been taken 15 times
  • The average score is 4 of 5

Answer Stats

AlbumWeeks OnPeakArtist(s)Song% Correct
Haiz29 Weeks#12Hailee Steinfeld & Grey ft. ZeddStarving
100%
Midnight Hour EP22 Weeks#40Hailee Steinfeld & Alesso ft. Florida Georgia Line & wattLet Me Go
92%
Haiz16 Weeks#30Hailee SteinfeldLove Myself
77%
Non-Album Single16 Weeks#58Hailee SteinfeldMost Girls
54%
bloom.8 Weeks#60Machine Gun Kelly ft. Hailee SteinfeldAt My Best
38%

Score Distribution

Percentile by Number Answered

Percent of People with Each Score

Your Score History

You have not taken this quiz